000 00589nam a2200229Ia 4500
003 OSt
005 20221007070902.0
006 a|||||r|||| 00| 0
007 ta
008 221006b |||||||| |||| 00| 0 eng d
024 _a18,890
037 _cTextual
040 _aFLL
_cFLL
_beng
041 _2eng
_aeng
082 _aZ1, K24;1
100 _aMcNair Lord
245 0 _aExpansion of international law
260 _aJerusalem
_bThe Magnes Press Jerusalem
_c1962
300 _a68p
_ccm.
942 _hZ1, K24;1
_cTEXL
_2CC
999 _c1141805
_d1141805